000 00596nam a2200169Ia 4500
008 090711s9999 xx 000 0 und d
082 _b49615
100 _aवाळिंबे वि. स.
245 _aव्होेलगा जेव्हा लाल होते
260 _c1984
300 _a456
600 _aवाळिंबे वि. स.
630 _aव्होेलगा जेव्हा लाल होते
700 _aवाळिंबे वि. स.
730 _aव्होेलगा जेव्हा लाल होते
942 _cBOOK
999 _c293210
_d293210